| 000 | 00662nam a22001817a 4500 | ||
|---|---|---|---|
| 005 | 20250319180736.0 | ||
| 008 | 250319b |||||||| |||| 00| 0 eng d | ||
| 020 | _a9788121912006 | ||
| 050 |
_aHF5548 _b.2.L247 2010 |
||
| 100 | _aR. Parameswaran (Dr.) | ||
| 245 |
_aComputer Applications In Business / _b[For the Commerce Students of Graduation Level, who want to know the Computer Applications] _cR. Parameswaran (Dr.) |
||
| 250 | _a6th Revised Edition 2010 | ||
| 260 |
_aNew Delhi _aIndia _bS. Chand & Company Ltd. _cc2010 |
||
| 300 |
_axiv, 295pages _bill. _c25cm |
||
| 500 | _aRevised Edition | ||
| 650 | _2Computer Applications | ||
| 942 |
_2lcc _cBK _e6th ed. _n0 |
||
| 999 |
_c4980 _d4980 |
||